000 01294nam a22003857a 4500
003 CHAP
005 20220817044120.0
008 060809d2005 it rn 00110 fre d
010 _a92521
011 _a93493
020 _a9252050191
035 _a104067
040 _cCHAP
082 0 4 _a632.93
_bF3f v.120/ Add.1
110 2 _aFAO
245 1 0 _aGestion des mauvaises herbes pour les pays en développement :
_baddendum 1
_c/ed. par R. Labrada
260 _aRome :
_bFAO,
_c2005.
300 _a285 p.
490 0 _aFAO. Producción y protección vegetal
_v; 120/Add.1
590 _aBATCH-UPD
_b10
_c20130110
_lUCH01
_h0516
590 _aBATCH-UPD
_b10
_c20130410
_lUCH01
_h0155
590 _aBATCH-UPD
_b10
_c20130410
_lUCH01
_h1647
590 _aBATCH-UPD
_b10
_c20130914
_lUCH01
_h1429
590 _aCONVERSION
_b10
_c20130109
_lUCH01
_h1351
650 1 4 _aHerbicidas.
_953691
650 1 4 _aMalas hierbas
_xControl.
_970011
650 1 4 _aMalas hierbas
_xEcología.
_970017
650 1 4 _aMalas hierbas
_xPaíses desarrollados.
_970030
700 0 _aLabrada, R.
_eed.
_964299
830 0 _aFAO. Producción y protección vegetal
_v; 120/Add.1
_939654
901 _aBK
905 _aLilia
942 _cLIBRO
949 _a632.93 F3f v.120/Add.1
_bBC
_cFAO
_d33724000990370
_eFAO1
_h108137
_i104067
_sb
999 _c92521
_d92521